000 00462nam a22001577a 4500
008 220225b |||||||| |||| 00| 0 eng d
020 _a1305637992
050 _aTX360
_b.B66 2017
245 _aCommunity nutrition in action
_ban entrepreneurial approach
_cBoyle, Marie A.
250 _a7th ed.
260 _aAustralia
_bCengage learning
_c2017
300 _axvi, 797p.
650 _aNutrition policy
650 _aCommunity health services
942 _2lcc
_cBK
999 _c19240
_d19239